[Event "44th Chess Olympiad Women 2022"]
[Site "Chennai"]
[Date "2022.08.02"]
[Round "5.8"]
[White "Mkrtchyan, Mariam"]
[Black "Citra, Dewi Ardhiani Anasta"]
[Result "1-0"]
[WhiteElo "2285"]
[BlackElo "2257"]
[Annotator "NA"]
[PlyCount "115"]
[EventDate "2022.07.29"]
[EventType "team-tourn"]
[EventCountry "IND"]
[SourceTitle "playchess.com"]
[Source "ChessBase"]
[SourceQuality "1"]
[WhiteTeam "Armenia"]
[BlackTeam "Indonesia"]
[WhiteTeamCountry "ARM"]
[BlackTeamCountry "INA"]

1. d4 d5 2. c4 Nc6 3. Nc3 Nf6 4. Nf3 Bf5 5. cxd5 Nxd5 6. Qb3 e6 7. e4 Nxc3 8.
exf5 Nd5 9. Bd2 Bd6 10. fxe6 fxe6 11. Qxb7 Ndb4 12. Qb5 O-O 13. Qc4 Qe8 14. Rc1
Rb8 15. a3 Na5 16. Qc3 Na2 17. Qxa5 Nxc1 18. Bxc1 Qc6 19. Bd2 Qe4+ 20. Be2 Rxb2
21. Kf1 Bf4 22. Qc3 Qb1+ 23. Be1 Rb3 24. Qc4 Rxa3 25. Qxe6+ Kh8 26. g3 Bd6 27.
Kg2 Qf5 28. Qxf5 Rxf5 29. Bd2 Rf8 30. Be3 Ra2 31. Bc4 Ra4 32. Rc1 h6 33. Ne5
Kh7 34. h4 Rb4 35. g4 Re8 36. Bf7 Re7 37. Bg6+ Kg8 38. Nc6 Re6 39. Bf5 Rxe3 40.
fxe3 Rb2+ 41. Kf3 Kf7 42. Nxa7 g6 43. Bc2 Ba3 44. Be4 Bd6 45. Nc8 Bh2 46. Rc2
Rxc2 47. Bxc2 Bg1 48. Na7 g5 49. h5 Ke6 50. Nb5 Kd7 51. Nc3 Ke6 52. Bb3+ Kd7
53. Ke4 c6 54. Ba4 Kd6 55. Kd3 Bh2 56. e4 c5 57. e5+ Bxe5 58. Ne4+ 1-0

[Event "44th Chess Olympiad Women 2022"]
[Site "Chennai"]
[Date "2022.08.02"]
[Round "5.16"]
[White "Martynkova, Olena"]
[Black "Houska, Jovanka"]
[Result "1/2-1/2"]
[WhiteElo "2213"]
[BlackElo "2360"]
[Annotator "ChessBase"]
[PlyCount "68"]
[EventDate "2022.07.29"]
[EventType "team-tourn"]
[EventCountry "IND"]
[SourceTitle "playchess.com"]
[Source "ChessBase"]
[SourceQuality "1"]
[WhiteTeam "Lithuania"]
[BlackTeam "England"]
[WhiteTeamCountry "LTU"]
[BlackTeamCountry "ENG"]

1. d4 d5 2. c4 e6 3. Nf3 Nf6 4. g3 Bb4+ 5. Bd2 Be7 6. Qc2 O-O 7. Bg2 c6 8. O-O
Nbd7 9. Bf4 b6 10. cxd5 cxd5 11. Bc7 Qe8 12. Nc3 Ba6 13. Qa4 Qc8 14. Rfc1 Qb7
15. Nb5 Rfc8 16. Bf4 Bxb5 17. Qxb5 h6 18. Qd3 b5 19. Ne5 a5 20. Nxd7 Qxd7 21.
Rxc8+ Rxc8 22. Rc1 b4 23. Rc2 Rc6 24. b3 Bd8 25. Be5 Qc8 26. Rxc6 Qxc6 27. Bxf6
gxf6 28. e4 dxe4 29. Bxe4 Qc1+ 30. Kg2 f5 31. Bf3 Bb6 32. d5 Qc5 33. Qd2 e5 34.
d6 Qd4 1/2-1/2

[Event "44th Chess Olympiad Women 2022"]
[Site "Chennai"]
[Date "2022.08.02"]
[Round "5.44"]
[White "Manova, Ivana"]
[Black "Chuemsakul, Sarocha"]
[Result "*"]
[WhiteElo "1849"]
[BlackElo "1684"]
[Annotator "NA RC"]
[PlyCount "22"]
[EventDate "2022.07.29"]
[EventType "team-tourn"]
[EventCountry "IND"]
[SourceTitle "playchess.com"]
[Source "ChessBase"]
[SourceQuality "1"]
[WhiteTeam "Macedonia"]
[BlackTeam "Thailand"]
[WhiteTeamCountry "MKD"]
[BlackTeamCountry "THA"]

1. e4 e5 2. Nf3 Nc6 3. Nc3 Nf6 4. d4 exd4 5. Nxd4 Bb4 6. Nxc6 bxc6 7. Bd3 O-O
8. O-O d5 9. exd5 cxd5 10. Bg5 Be6 11. Qf3 c5 *

[Event "44th Chess Olympiad Women 2022"]
[Site "Chennai"]
[Date "2022.08.02"]
[Round "5.44"]
[White "Buhagiar, Melita Sunan"]
[Black "Zhezhovska, Monika"]
[Result "1/2-1/2"]
[WhiteElo "1431"]
[BlackElo "1588"]
[Annotator "NA"]
[PlyCount "136"]
[EventDate "2022.07.29"]
[EventType "team-tourn"]
[EventCountry "IND"]
[SourceTitle "playchess.com"]
[Source "ChessBase"]
[SourceQuality "1"]
[WhiteTeam "Thailand"]
[BlackTeam "Macedonia"]
[WhiteTeamCountry "THA"]
[BlackTeamCountry "MKD"]

1. d4 d5 2. Bf4 Nf6 3. e3 e6 4. Nf3 c5 5. Nbd2 Nc6 6. c3 Bd6 7. Bg3 O-O 8. Bd3
a6 9. a4 h6 10. Rc1 Qc7 11. dxc5 Bxg3 12. hxg3 e5 13. Be2 Re8 14. O-O Bf5 15.
b4 Rad8 16. Nb3 Be6 17. Qc2 d4 18. exd4 Bxb3 19. Qxb3 exd4 20. Bc4 Ne4 21. Rfe1
dxc3 22. Red1 a5 23. b5 Nxc5 24. Qxc3 Rxd1+ 25. Rxd1 Ne4 26. Qb3 Nd8 27. b6 Qc5
28. Nd4 Qe5 29. Qb5 Nc3 30. Qxe5 Rxe5 31. Nf3 Nxd1 32. Nxe5 Nc3 33. Bb3 Kf8 34.
f3 Ke7 35. Kf2 f6 36. Ng6+ Kd6 37. Ke3 Nd5+ 38. Bxd5 Kxd5 39. Kd3 Kc5 40. Kc3
Kxb6 41. Kc4 Kc7 42. Nf4 Kd6 43. Kb5 Nc6 44. Nh5 g5 45. Nxf6 Kc7 46. Ng4 h5 47.
Nf6 h4 48. Ne4 b6 49. Nxg5 hxg3 50. Ne6+ Kb7 51. f4 Ne7 52. Nd4 Kc7 53. f5 Nd5
54. Ne2 Ne3 55. Nxg3 Nxg2 56. f6 Nf4 57. Ne4 Ne6 58. Nc3 Nd4+ 59. Kc4 Ne6 60.
Kd5 Kd7 61. Ke5 Nf8 62. Nd5 Kc6 63. f7 Ng6+ 64. Kf6 Nf8 65. Ne7+ Kd6 66. Nc8+
Kc7 67. Ne7 Kd6 68. Nc8+ Kc7 1/2-1/2

[Event "44th Chess Olympiad Women 2022"]
[Site "Chennai"]
[Date "2022.08.02"]
[Round "5.62"]
[White "Nan M K Khine Hlyan"]
[Black "Prasad, Tanvi"]
[Result "1/2-1/2"]
[WhiteElo "1979"]
[BlackElo "1165"]
[Annotator "NA"]
[PlyCount "51"]
[EventDate "2022.07.29"]
[EventType "team-tourn"]
[EventCountry "IND"]
[SourceTitle "playchess.com"]
[Source "ChessBase"]
[SourceQuality "1"]
[WhiteTeam "Myanmar"]
[BlackTeam "Fiji"]
[WhiteTeamCountry "MYA"]
[BlackTeamCountry "FIJ"]

1. e4 e5 2. Nf3 Nf6 3. Nc3 Nc6 4. Bb5 Bc5 5. d3 d6 6. Bg5 h6 7. Bh4 Bd7 8. Nd5
g5 9. Bg3 Nxd5 10. exd5 Ne7 11. Bc4 f5 12. Nxe5 dxe5 13. Qh5+ Kf8 14. d6 Be8
15. dxe7+ Qxe7 16. Qf3 f4 17. O-O-O Bc6 18. Qh5 Qe8 19. Qg4 Bd7 20. Qf3 Bc6 21.
Qg4 Bd7 22. Qf3 Bc6 23. Qg4 Bd7 24. Qf3 Bc6 25. Qg4 Bd7 26. Qf3 1/2-1/2

[Event "44th Chess Olympiad Women 2022"]
[Site "Chennai"]
[Date "2022.08.02"]
[Round "5.66"]
[White "Msukwa, Tupokiwe"]
[Black "Callender, Jessica"]
[Result "0-1"]
[WhiteElo "1369"]
[BlackElo "1295"]
[Annotator "NA"]
[PlyCount "54"]
[EventDate "2022.07.29"]
[EventType "team-tourn"]
[EventCountry "IND"]
[SourceTitle "playchess.com"]
[Source "ChessBase"]
[SourceQuality "1"]
[WhiteTeam "MAW"]
[BlackTeam "Guyana"]
[BlackTeamCountry "GUY"]

1. d4 Nf6 2. c4 d6 3. Nc3 g6 4. e4 Bg7 5. h3 O-O 6. Nf3 Nbd7 7. Bd3 e5 8. d5 a5
9. Bg5 h6 10. Be3 Kh7 11. O-O Nh5 12. Ne2 f5 13. exf5 gxf5 14. Bc2 e4 15. Nfd4
Ne5 16. Nc3 Qh4 17. b3 f4 18. Bxe4+ Kh8 19. Bc1 Bxh3 20. Nf3 Nxf3+ 21. Qxf3 Bg4
22. Qd3 Be5 23. f3 Ng3 24. Re1 Bf5 25. Bxf5 Nxf5 26. Bb2 Bd4+ 27. Qxd4+ Nxd4
0-1